60 zawodów po angielsku - Statystyki

Ogólne statystyki
  • Ten quiz został rozwiązany 42 razy
  • Średni wynik to 28 z 60
Statystyki odpowiedzi
Słowo Odpowiedź % Poprawnych
nauczyciel teacher
87%
aktor actor
82%
tancerz dancer
79%
lekarz doctor
79%
architekt architect
76%
kierowca autobusu bus driver
76%
mechanik mechanic
74%
piosenkarz singer
74%
prawnik lawyer
71%
dentysta dentist
68%
elektryk electrician
68%
ogrodnik gardener
68%
muzyk musician
68%
barman barman
66%
budowniczy builder
63%
pielęgniarka nurse
63%
pilot pilot
63%
taksówkarz taxi driver
63%
weterynarz vet
63%
fryzjerka hairdresser
61%
malarz painter
61%
żołnierz soldier
61%
sprzątaczka cleaner
58%
fotograf photographer
58%
stylista stylist
58%
rzeźnik butcher
55%
rolnik farmer
55%
hydraulik plumber
55%
naukowiec scientist
55%
sportowiec sportsman
55%
fryzjer męski barber
53%
florysta florist
53%
dziennikarka journalist
53%
rybak fisherman
50%
sprzedawca seller
50%
kelnerka waitress
47%
stolarz carpenter
45%
kucharz chef
45%
strażak fireman
45%
bibliotekarz librarian
42%
listonosz postman
42%
recepcjonista receptionist
39%
projektant designer
32%
optyk optician
32%
jubiler jeweller
26%
księgowy accountant
24%
marynarz sailor
24%
kierowca ciężarówki lorry driver
21%
rzeźbiarz sculptor
13%
krawiec tailor
11%
strażnik security guard
8%
pracownik biura podróży travel agent
8%
farmaceuta chemist
5%
sprzedawca ryb fishmonger
5%
redaktor editor
3%
dekarz roofer
3%
krawcowa seamstress
3%
stewardesa air hostess
0%
sprzedawca warzyw greengrocer
0%
prezenter wiadomości newsreader
0%
Nie znaleziono quizów pasujących do podanych kryteriów
Rozkład punktacji
Procent ludzi z każdym wynikiem
Percentyl według liczby udzielonych odpowiedzi
Twoja historia wyników
Nie rozwiązałeś tego quizu